[Event "World Rapid 2023"]
[Site "Samarkand UZB"]
[Date "2023.12.26"]
[EventDate "2023.12.26"]
[Round "4.15"]
[Result "1-0"]
[White "Nodirbek Yakubboev"]
[Black "Mikhail Markov"]
[WhiteElo "2573"]
[BlackElo "2266"]
[PlyCount "68"]

1. d4 d5 2. c4 e6 3. Nf3 Nf6 4. g3 Be7 5. Bg2 O-O 6. Nc3 Nbd7 7. O-O dxc4
8. e4 a5 9. Qe2 b6 10. Rd1 Ba6 11. h4 b5 12. e5 Nd5 13. Nxd5 exd5 14. e6
fxe6 15. Qxe6+ Kh8 16. Qxd5 Rb8 17. Ng5 Bxg5 18. Bxg5 Nf6 19. Qc5 Bb7 20.
d5 Qd7 21. Bf4 Rbc8 22. a4 bxa4 23. Rd4 Qf5 24. Qxc4 h6 25. Rad1 Ba8 26.
Qxa4 Rfd8 27. Qxa5 c6 28. Bc7 Rxd5 29. Bxd5 Nxd5 30. Qa6 Nxc7 31. Qxc8+
Qxc8 32. Rd8+ Qxd8 33. Rxd8+ Kh7 34. Rc8 1-0

[Event "World Rapid 2023"]
[Site "Samarkand UZB"]
[Date "2023.12.26"]
[EventDate "2023.12.26"]
[Round "4.16"]
[Result "1-0"]
[White "Arystan Isanzhulov"]
[Black "Boris Savchenko"]
[WhiteElo "2299"]
[BlackElo "2592"]
[PlyCount "128"]

1. e4 c5 2. Nf3 d6 3. Bb5+ Nd7 4. a4 Nf6 5. Nc3 e6 6. O-O a6 7. Be2 b6 8.
d4 cxd4 9. Qxd4 Bb7 10. Rd1 Be7 11. Nd2 O-O 12. Bf3 Ne5 13. Nc4 Nxf3+ 14.
gxf3 d5 15. Nxb6 dxe4 16. Nxa8 Qxa8 17. Bf4 exf3 18. Bd6 Bxd6 19. Qxd6 Be4
20. Rd2 h5 21. Rad1 Qb7 22. Qc5 Bd5 23. Nxd5 Nxd5 24. Qd4 Nf6 25. Rd3 Rc8
26. Rb3 Qa8 27. h3 Rxc2 28. Qd8+ Qxd8 29. Rxd8+ Kh7 30. Rxf3 Rxb2 31. Rd6
Ne4 32. Rxa6 Kg6 33. Rf4 Ng5 34. Kg2 Ra2 35. Rc4 Kf5 36. Ra7 Kg6 37. Rcc7
h4 38. Rc4 e5 39. Rxh4 Ne6 40. Ra5 Nf4+ 41. Kg1 Kf6 42. Rh7 e4 43. Ra6+ Ke5
44. Ra7 Ra1+ 45. Kh2 Rf1 46. Ra5+ Kd4 47. Kg3 g5 48. Rxg5 Ne2+ 49. Kh2 Nf4
50. Rf5 Rxf2+ 51. Kg3 Ke3 52. Rhxf7 Rg2+ 53. Kh4 Ne2 54. Rg5 Rh2 55. Rg4
Rh1 56. a5 Ra1 57. Rg5 Nd4 58. Kh5 Kd3 59. Rd7 e3 60. Rgd5 Ra4 61. h4 Ke4
62. Rg5 e2 63. Re7+ Kf4 64. Rxe2 1-0

[Event "World Rapid 2023"]
[Site "Samarkand UZB"]
[Date "2023.12.26"]
[EventDate "2023.12.26"]
[Round "4.17"]
[Result "1-0"]
[White "Giga Quparadze"]
[Black "Mukhammadali Abdurakhmonov"]
[WhiteElo "2538"]
[BlackElo "2236"]
[PlyCount "58"]

1. e4 c5 2. Nf3 Nc6 3. Bb5 e6 4. O-O Nge7 5. c3 a6 6. Ba4 b5 7. Bc2 d5 8.
a4 Rb8 9. axb5 axb5 10. d4 cxd4 11. Bf4 Rb6 12. Nxd4 Nxd4 13. Qxd4 Bb7 14.
Be3 Rd6 15. Bd3 Bc6 16. e5 Rd7 17. Nd2 Qb8 18. Nb3 Nc8 19. Ra6 Rc7 20. Rfa1
Be7 21. Qg4 O-O 22. Nd4 Bb7 23. Bh6 g6 24. Rxe6 Kh8 25. Bxf8 Bxf8 26. Re8
Kg8 27. e6 Re7 28. exf7+ Kxf7 29. Rd8 1-0

[Event "World Rapid 2023"]
[Site "Samarkand UZB"]
[Date "2023.12.26"]
[EventDate "2023.12.26"]
[Round "4.18"]
[Result "1/2-1/2"]
[White "Shakhriyar Mamedyarov"]
[Black "Aydin Suleymanli"]
[WhiteElo "2715"]
[BlackElo "2517"]
[PlyCount "58"]

1. d4 Nf6 2. c4 e6 3. Nc3 Bb4 4. g3 O-O 5. Bg2 d5 6. Nf3 dxc4 7. O-O Nc6 8.
Re1 Nd5 9. Bd2 Nb6 10. e3 Qe7 11. a3 Bd6 12. Qc2 e5 13. h3 Re8 14. d5 Na5
15. Rad1 Bd7 16. e4 Nb3 17. Be3 c6 18. Bf1 Bc5 19. dxc6 bxc6 20. Nb1 Bxe3
21. fxe3 Be6 22. Nxe5 Qc7 23. Nf3 Qxg3+ 24. Qg2 Qxg2+ 25. Kxg2 Na4 26. Re2
Rab8 27. Nc3 Nxc3 28. bxc3 Nc5 29. Rd4 Na4 1/2-1/2

[Event "World Rapid 2023"]
[Site "Samarkand UZB"]
[Date "2023.12.26"]
[EventDate "2023.12.26"]
[Round "4.19"]
[Result "1-0"]
[White "Anish Giri"]
[Black "Velimir Ivic"]
[WhiteElo "2698"]
[BlackElo "2509"]
[PlyCount "142"]

1. c4 e5 2. d3 Bb4+ 3. Bd2 c5 4. Nf3 Nc6 5. g3 Bxd2+ 6. Qxd2 d6 7. Bg2 Nge7
8. O-O O-O 9. Nc3 h6 10. a3 a5 11. Qd1 f5 12. Nd2 Kh8 13. e3 Be6 14. Nd5
Bg8 15. Nxe7 Nxe7 16. Rb1 d5 17. Qc2 Nc6 18. cxd5 Bxd5 19. Qxc5 Bxg2 20.
Kxg2 Qxd3 21. Qc4 Rfd8 22. Rfd1 Rd7 23. Qxd3 Rxd3 24. Nf3 Rad8 25. Rxd3
Rxd3 26. Nh4 f4 27. gxf4 exf4 28. Ng6+ Kg8 29. Nxf4 Rb3 30. Ne6 Kf7 31. Nc5
Rb5 32. Ne4 Ke7 33. b3 g5 34. h3 Re5 35. Kf3 Rd5 36. Ke2 Rb5 37. Kd3 Rd5+
38. Ke2 Rb5 39. Rb2 Re5 40. Nd2 Rc5 41. Ne4 Rb5 42. Rb1 Re5 43. Nc3 Rc5 44.
Rc1 h5 45. Kd2 Ne5 46. f4 Ng6 47. b4 axb4 48. axb4 Rf5 49. e4 Rf8 50. Nd5+
Kd6 51. f5 Nh4 52. Nb6 Rd8 53. Ke3 Ke5 54. Rc5+ Kf6 55. Nd5+ Kf7 56. Rc7+
Kf8 57. f6 Nf5+ 58. Kf3 Nd4+ 59. Kf2 Re8 60. Ke3 Nf5+ 61. Kd3 Nd6 62. Ne7
Nf7 63. Kd4 Rd8+ 64. Nd5 Re8 65. Rxb7 g4 66. hxg4 hxg4 67. Re7 Ra8 68. e5
g3 69. Nf4 Rb8 70. Ng6+ Kg8 71. e6 1-0

[Event "World Rapid 2023"]
[Site "Samarkand UZB"]
[Date "2023.12.26"]
[EventDate "2023.12.26"]
[Round "4.21"]
[Result "1-0"]
[White "Sabino Brunello"]
[Black "Mikhail Bryakin"]
[WhiteElo "2651"]
[BlackElo "2508"]
[PlyCount "116"]

1. c4 e6 2. g3 d5 3. Bg2 Nf6 4. Nf3 Be7 5. O-O O-O 6. b3 d4 7. e3 c5 8.
exd4 cxd4 9. d3 Nc6 10. Re1 Bd6 11. Na3 e5 12. c5 Bc7 13. Nc4 Re8 14. Bg5
h6 15. Bxf6 Qxf6 16. Nfd2 Bf5 17. Ne4 Bxe4 18. Bxe4 Qe7 19. Rc1 Qxc5 20.
Bxc6 Qxc6 21. Nxe5 Qd6 22. Qf3 Qe7 23. Nc4 Qxe1+ 24. Rxe1 Rxe1+ 25. Kg2 Rb8
26. Qd5 Re7 27. a4 b6 28. b4 Rd8 29. Qc6 Red7 30. a5 bxa5 31. bxa5 Bd6 32.
f4 Rc7 33. Qb5 Rcd7 34. Kf3 Bc7 35. Qc6 Bd6 36. g4 Rc7 37. Qb5 Rcd7 38. h4
Bc7 39. h5 Bd6 40. g5 hxg5 41. fxg5 Bc7 42. a6 Bb8 43. g6 Rd5 44. Qb7 Rf5+
45. Ke2 Re8+ 46. Kd1 Rf1+ 47. Kc2 Re2+ 48. Nd2 Bd6 49. Qxa7 Rff2 50. Qa8+
Bf8 51. gxf7+ Rxf7 52. Qd5 Bb4 53. a7 Rxd2+ 54. Kb3 Bf8 55. a8=Q Rxd3+ 56.
Kc4 Rc3+ 57. Kxd4 Rc1 58. Qxf8+ 1-0

[Event "World Rapid 2023"]
[Site "Samarkand UZB"]
[Date "2023.12.26"]
[EventDate "2023.12.26"]
[Round "4.23"]
[Result "0-1"]
[White "Rinat Jumabayev"]
[Black "Iturrizaga Bonelli, Eduardo"]
[WhiteElo "2531"]
[BlackElo "2635"]
[PlyCount "54"]

1. d4 Nf6 2. c4 e6 3. Nf3 Bb4+ 4. Nbd2 O-O 5. a3 Bxd2+ 6. Nxd2 d6 7. e4 Nc6
8. Nf3 Nxe4 9. Bd3 Nf6 10. Bg5 h6 11. h4 e5 12. d5 e4 13. dxc6 exd3 14. Be3
bxc6 15. Qxd3 c5 16. O-O-O Bg4 17. Rde1 Qd7 18. Nd2 Bf5 19. Qc3 Ng4 20. Rh3
Rfe8 21. Rg3 Kh7 22. Nf3 f6 23. h5 Re4 24. Nd2 Re7 25. Nf3 Qe8 26. Nh4 Qxh5
27. Rh1 Rae8 0-1

[Event "World Rapid 2023"]
[Site "Samarkand UZB"]
[Date "2023.12.26"]
[EventDate "2023.12.26"]
[Round "4.24"]
[Result "1/2-1/2"]
[White "Haik M Martirosyan"]
[Black "Chongsheng Zeng"]
[WhiteElo "2575"]
[BlackElo "2501"]
[PlyCount "116"]

1. d4 d5 2. c4 c6 3. Nf3 Nf6 4. Nc3 e6 5. Bg5 Nbd7 6. cxd5 exd5 7. Qc2 h6
8. Bh4 Be7 9. e3 O-O 10. Bd3 Re8 11. O-O Ne4 12. Bxe4 Bxh4 13. Bh7+ Kh8 14.
Bd3 Be7 15. Rae1 Bd6 16. e4 dxe4 17. Nxe4 Bc7 18. Bc4 Rf8 19. Bb3 Nf6 20.
Nc5 b6 21. Nd3 Bf5 22. Rd1 Rc8 23. Qc1 Bd6 24. Nde5 Qc7 25. Rfe1 Be4 26.
Qf4 Bxf3 27. Qxf3 c5 28. Qf5 Rcd8 29. dxc5 Bxe5 30. Qxe5 Rxd1 31. Bxd1 Re8
32. Qc3 Rxe1+ 33. Qxe1 Qxc5 34. Bb3 Kg8 35. h3 g6 36. Qd2 Kg7 37. Qf4 g5
38. Qf3 Qc1+ 39. Kh2 a5 40. Qe2 Qf4+ 41. g3 Qd4 42. Kg2 Ne4 43. Bc2 Nd6 44.
Bd3 b5 45. b3 b4 46. Qf3 h5 47. Bc2 g4 48. hxg4 hxg4 49. Qc6 f5 50. Qa8 Ne4
51. Qb7+ Kf6 52. Qa6+ Kg5 53. Bxe4 Qxe4+ 54. Kh2 Qc2 55. Qa7 Qxa2 56. Qg7+
Kh5 57. Qf7+ Kg5 58. Qg7+ 1/2-1/2

[Event "World Rapid 2023"]
[Site "Samarkand UZB"]
[Date "2023.12.26"]
[EventDate "2023.12.26"]
[Round "4.25"]
[Result "1-0"]
[White "Yuriy Kuzubov"]
[Black "Anton Smirnov"]
[WhiteElo "2626"]
[BlackElo "2486"]
[PlyCount "60"]

1. d4 d5 2. c4 c6 3. Nf3 Nf6 4. Nc3 dxc4 5. a4 Bf5 6. Nh4 e6 7. Nxf5 exf5
8. e3 Bb4 9. Bxc4 O-O 10. Qc2 g6 11. O-O Nbd7 12. f3 Rc8 13. Kh1 c5 14.
dxc5 Ne5 15. Ba2 Bxc5 16. Rd1 Qe7 17. e4 Nh5 18. g3 Nxf3 19. exf5 Nd4 20.
Qe4 Nxf5 21. Qxe7 Nxe7 22. Ne4 Bb4 23. Bg5 Rc7 24. g4 Ng7 25. Nf6+ Kh8 26.
Nd7 Rd8 27. Ne5 Rxd1+ 28. Rxd1 h5 29. Nxf7+ Kh7 30. Bf4 Rc8 1-0

[Event "World Rapid 2023"]
[Site "Samarkand UZB"]
[Date "2023.12.26"]
[EventDate "2023.12.26"]
[Round "4.26"]
[Result "1-0"]
[White "V Pranav"]
[Black "Hans Moke Niemann"]
[WhiteElo "2430"]
[BlackElo "2592"]
[PlyCount "96"]

1. e4 e5 2. Nf3 Nc6 3. Bb5 a6 4. Ba4 Nf6 5. O-O Be7 6. d3 b5 7. Bb3 d6 8.
c3 O-O 9. a4 Bd7 10. Bc2 b4 11. a5 Rb8 12. Nbd2 Re8 13. Re1 Bf8 14. Nc4 h6
15. h3 bxc3 16. bxc3 Ne7 17. Ne3 Ng6 18. Bb3 Qc8 19. Nd5 Nxd5 20. Bxd5 Be6
21. Bc6 Bb3 22. Qe2 Rd8 23. d4 Ne7 24. Ba4 Bxa4 25. Rxa4 Nc6 26. Be3 Re8
27. d5 Ne7 28. Nd2 c6 29. Rc4 Qd7 30. dxc6 Nxc6 31. Bb6 Be7 32. Nf1 Bd8 33.
Bxd8 Rexd8 34. Ra1 Rb5 35. Rca4 Ne7 36. Ne3 Qc6 37. Qd3 Rc5 38. c4 Rb8 39.
R4a2 Ng6 40. g3 Qd7 41. Nf5 Qc6 42. h4 Kh7 43. Qxd6 Rxc4 44. Qxb8 Qxe4 45.
Nd6 Qf3 46. Nxc4 Nf4 47. gxf4 Qg4+ 48. Kf1 1-0

[Event "World Rapid 2023"]
[Site "Samarkand UZB"]
[Date "2023.12.26"]
[EventDate "2023.12.26"]
[Round "4.27"]
[Result "1/2-1/2"]
[White "Tigran L Petrosian"]
[Black "Aleksey Grebnev"]
[WhiteElo "2623"]
[BlackElo "2461"]
[PlyCount "144"]

1. Nf3 c5 2. g3 Nc6 3. c4 g6 4. Bg2 Bg7 5. Nc3 Nf6 6. O-O O-O 7. d3 b6 8.
a3 Bb7 9. Rb1 d5 10. cxd5 Nxd5 11. Nxd5 Qxd5 12. Be3 Rac8 13. Qa4 Qd7 14.
b4 cxb4 15. axb4 Rfd8 16. Rfc1 Ba8 17. b5 Na5 18. Qh4 Rxc1+ 19. Rxc1 Nb3
20. Rb1 Bxf3 21. Bxf3 Nd4 22. Bxd4 Bxd4 23. Rc1 Bc5 24. Qc4 Qd4 25. Qxd4
Rxd4 26. Ra1 Rd7 27. Bc6 Rc7 28. e3 e5 29. g4 Kg7 30. Kg2 Kf6 31. Kf3 Ke6
32. Ra4 h6 33. h4 Be7 34. h5 gxh5 35. gxh5 Bc5 36. d4 exd4 37. exd4 Bd6 38.
Ke4 f5+ 39. Kd3 Be7 40. Ra1 Kd6 41. Rg1 Bg5 42. f4 Bxf4 43. Rg6+ Ke7 44. d5
Rc8 45. Kd4 Rf8 46. Re6+ Kf7 47. Re1 Kf6 48. Bd7 Rd8 49. Bc6 Rf8 50. Be8
Kg5 51. Rg1+ Kh4 52. Re1 Bd6 53. Rh1+ Kg3 54. Bd7 f4 55. Rg1+ Kh2 56. Rg6
Bc5+ 57. Ke5 f3 58. Bg4 f2 59. Be2 f1=Q 60. Bxf1 Rxf1 61. d6 Re1+ 62. Kd5
Rd1+ 63. Kc6 Bxd6 64. Rxd6 Rxd6+ 65. Kxd6 Kg3 66. Kc6 Kg4 67. Kb7 Kxh5 68.
Kxa7 Kg4 69. Kxb6 h5 70. Kc7 h4 71. b6 h3 72. b7 1/2-1/2

[Event "World Rapid 2023"]
[Site "Samarkand UZB"]
[Date "2023.12.26"]
[EventDate "2023.12.26"]
[Round "4.28"]
[Result "1-0"]
[White "Anton Korobov"]
[Black "Mahammad Muradli"]
[WhiteElo "2601"]
[BlackElo "2447"]
[PlyCount "92"]

1. d4 Nf6 2. c4 e6 3. Nf3 d5 4. Nc3 Be7 5. Bf4 O-O 6. a3 Nbd7 7. Nb5 Ne8 8.
e3 dxc4 9. Bxc4 Nd6 10. Qc2 a6 11. Nxd6 cxd6 12. O-O Nf6 13. Bd3 Bd7 14.
Rad1 Rc8 15. Qb1 h6 16. e4 Bc6 17. Rfe1 Re8 18. h3 Qb6 19. Be3 Qa5 20. Nd2
Bb5 21. Bc2 Ba4 22. b3 Bd7 23. Qa2 d5 24. e5 Qxa3 25. Qb1 Ne4 26. Nxe4 dxe4
27. Bxe4 Bc6 28. Bxc6 Rxc6 29. d5 exd5 30. Rxd5 Rc3 31. Qf5 Qxb3 32. e6 Bf6
33. exf7+ Kxf7 34. Rb1 Qc2 35. Qh5+ Kf8 36. Rxb7 Rc7 37. Rxc7 Qxc7 38. Bc5+
Re7 39. Qf5 Qc6 40. g3 Kf7 41. Bxe7 Kxe7 42. Rc5 Qb6 43. Qe4+ Kf7 44. Qc4+
Kg6 45. h4 a5 46. h5+ 1-0

[Event "World Rapid 2023"]
[Site "Samarkand UZB"]
[Date "2023.12.26"]
[EventDate "2023.12.26"]
[Round "4.29"]
[Result "1/2-1/2"]
[White "Lev Zverev"]
[Black "Shant Sargsyan"]
[WhiteElo "2257"]
[BlackElo "2561"]
[PlyCount "118"]

1. e4 e5 2. Nf3 Nc6 3. Bc4 Nf6 4. d3 h6 5. O-O d6 6. c3 g5 7. a4 Bg7 8. a5
O-O 9. Be3 a6 10. Nbd2 Ne7 11. d4 Ng4 12. Qb3 Ng6 13. dxe5 Nxe3 14. fxe3 g4
15. Nd4 Nxe5 16. Rf4 Nxc4 17. Qxc4 Be5 18. Raf1 Bxf4 19. Rxf4 c6 20. Nf1
Qxa5 21. Qe2 Qe5 22. Ng3 Be6 23. Ndf5 Kh7 24. Qxg4 Rg8 25. Qf3 Rg6 26. Ne7
Re8 27. Nxg6 fxg6 28. h4 h5 29. Qf2 Kg7 30. Ne2 c5 31. Kh1 Re7 32. Nc1 Bc4
33. Qd2 Rf7 34. b3 Bb5 35. c4 Bc6 36. Nd3 Qa1+ 37. Kh2 Rxf4 38. Nxf4 Qe5
39. b4 cxb4 40. Qxb4 Qe7 41. Nd5 Qxh4+ 42. Kg1 Bxd5 43. exd5 Qe7 44. Qb6 a5
45. Qd4+ Kf7 46. e4 a4 47. c5 Qe5 48. Qxa4 dxc5 49. Qd7+ Qe7 50. Qc8 Qxe4
51. Qxb7+ Qe7 52. Qc6 h4 53. d6 Qe1+ 54. Kh2 Qe5+ 55. Kh1 Ke6 56. d7+ Ke7
57. Qc8 Qe1+ 58. Kh2 Qg3+ 59. Kh1 1/2-1/2

[Event "World Rapid 2023"]
[Site "Samarkand UZB"]
[Date "2023.12.26"]
[EventDate "2023.12.26"]
[Round "4.30"]
[Result "0-1"]
[White "Guha Mitrabha"]
[Black "Alan Pichot"]
[WhiteElo "2436"]
[BlackElo "2575"]
[PlyCount "84"]

1. c4 Nf6 2. Nf3 e6 3. g3 d5 4. Bg2 d4 5. O-O Nc6 6. d3 Bc5 7. Bg5 h6 8.
Bxf6 gxf6 9. Na3 f5 10. Nc2 a5 11. b3 O-O 12. a3 Qe7 13. Qc1 Kh7 14. Rb1
Ra6 15. b4 axb4 16. axb4 Nxb4 17. Nxb4 Bxb4 18. Nxd4 c6 19. e3 Rd8 20. Nc2
Bd6 21. d4 e5 22. Rd1 e4 23. c5 Bc7 24. Nb4 Ra5 25. Ra1 Be6 26. Rxa5 Bxa5
27. Qb2 Bxb4 28. Qxb4 b5 29. Ra1 Qe8 30. Bf1 Ra8 31. Rb1 Ra2 32. Bh3 f4 33.
Bf1 fxe3 34. fxe3 Qd8 35. Bg2 Qg5 36. Re1 f5 37. Qc3 Bd5 38. Kh1 h5 39. Rg1
Qg4 40. Qe1 Qe2 41. Qc3 h4 42. gxh4 f4 0-1

[Event "World Rapid 2023"]
[Site "Samarkand UZB"]
[Date "2023.12.26"]
[EventDate "2023.12.26"]
[Round "4.31"]
[Result "1/2-1/2"]
[White "Andrey Gorovets"]
[Black "Jens Hirneise"]
[WhiteElo "2563"]
[BlackElo "2436"]
[PlyCount "132"]

1. Nf3 Nf6 2. c4 g6 3. d4 Bg7 4. g3 O-O 5. Bg2 d6 6. O-O c6 7. Nc3 Bf5 8.
Qb3 Qb6 9. Re1 Qxb3 10. axb3 Na6 11. e4 Bc8 12. e5 dxe5 13. Nxe5 Nb4 14.
Ra4 a5 15. Nf3 Re8 16. Bd2 Bf5 17. Na2 Nd3 18. Ra1 Nxb2 19. Rxa5 Rxa5 20.
Bxa5 Ra8 21. Bc3 Nd3 22. Ne5 Nxe5 23. dxe5 Nd7 24. f4 Nc5 25. Nc1 Rxa1 26.
Bxa1 Bc2 27. b4 Nd3 28. Nxd3 Bxd3 29. c5 e6 30. Kf2 h5 31. Ke3 Bb5 32. h3
Bh6 33. Bf3 Bf1 34. Kf2 Bb5 35. Bc3 Bf8 36. g4 hxg4 37. hxg4 Bh6 38. Kg3
Bd3 39. Bd2 Kf8 40. Kf2 Bb5 41. Ke3 Ke8 42. Ke4 Bc4 43. Kd4 Bb5 44. Be3 Ke7
45. Ke4 Bc4 46. Bd1 Bb5 47. Bf2 Ke8 48. Bh4 Kd7 49. Ke3 Ke8 50. Bc2 Kd7 51.
Kf3 Ke8 52. Be1 Kd7 53. Bd2 Ke8 54. Be3 Kd7 55. f5 Bxe3 56. Kxe3 g5 57. f6
Ke8 58. Be4 Kd7 59. Bf3 Ke8 60. Bg2 Kd7 61. Be4 Ke8 62. Bd3 Kd7 63. Kd4
Bxd3 64. Kxd3 Kc7 65. Kc4 b5+ 66. Kd4 1/2-1/2

[Event "World Rapid 2023"]
[Site "Samarkand UZB"]
[Date "2023.12.26"]
[EventDate "2023.12.26"]
[Round "4.32"]
[Result "1/2-1/2"]
[White "Manuel Petrosyan"]
[Black "Mukhiddin Madaminov"]
[WhiteElo "2539"]
[BlackElo "2337"]
[PlyCount "74"]

1. e4 e5 2. Nf3 Nc6 3. Bc4 Nf6 4. d3 d5 5. exd5 Nxd5 6. h3 Be7 7. O-O Be6
8. Re1 f6 9. d4 Ne3 10. Bxe3 Bxc4 11. dxe5 Qxd1 12. Rxd1 Be2 13. Re1 Bxf3
14. exf6 Bxf6 15. gxf3 O-O 16. c3 Ne5 17. Nd2 Nd3 18. Re2 Nxb2 19. Rb1 Na4
20. Ne4 b6 21. Rc2 Be7 22. Kg2 Rf5 23. Rd1 Nc5 24. Bxc5 Bxc5 25. Rd7 Rc8
26. Nxc5 Rxc5 27. Re2 Rxc3 28. Ree7 Kh8 29. f4 Rc5 30. Kf3 Rc3+ 31. Kg4 Rc2
32. Rxg7 Rg8 33. Rxg8+ Kxg8 34. Kg5 Rc6 35. Rd8+ Kf7 36. Rd7+ Kg8 37. Rd8+
1/2-1/2

[Event "World Rapid 2023"]
[Site "Samarkand UZB"]
[Date "2023.12.26"]
[EventDate "2023.12.26"]
[Round "4.34"]
[Result "1-0"]
[White "Jinshi Bai"]
[Black "Artem Pingin"]
[WhiteElo "2540"]
[BlackElo "2394"]
[PlyCount "116"]

1. Nf3 d5 2. d4 Nf6 3. g3 c5 4. c4 dxc4 5. Qa4+ Nc6 6. dxc5 e6 7. Bg2 Bxc5
8. O-O O-O 9. Qxc4 Qe7 10. Bg5 Bb6 11. Nc3 h6 12. Bh4 Qb4 13. Qxb4 Nxb4 14.
Bxf6 gxf6 15. Rfd1 Kg7 16. Nd2 Rb8 17. Nc4 Bc5 18. Nd6 b6 19. Rac1 Bxd6 20.
Rxd6 Bb7 21. a3 Na6 22. Nb5 Bxg2 23. Kxg2 Rb7 24. b4 Nb8 25. e4 Re8 26. f4
a5 27. Rd3 Rf8 28. f5 Na6 29. Rc4 h5 30. fxe6 fxe6 31. Rd6 axb4 32. axb4
Re8 33. Nd4 Kf7 34. e5 fxe5 35. Nc6 Rc7 36. Nxe5+ Kf6 37. Nc6 Nb8 38. Rf4+
Kg7 39. Ne5 Rc2+ 40. Kh3 Re2 41. Nf3 Re7 42. Nd4 Re1 43. Rxb6 Nd7 44. Rb7
Kh7 45. Nf3 Rd1 46. Ne5 Rd5 47. Rxd7 Rexd7 48. Nxd7 Rxd7 49. b5 Rb7 50. Rb4
Rb6 51. Kg2 Kg6 52. Kf3 Kf5 53. Ke3 e5 54. Rb2 h4 55. gxh4 e4 56. Rb4 Rb8
57. b6 Rb7 58. h3 1-0

[Event "World Rapid 2023"]
[Site "Samarkand UZB"]
[Date "2023.12.26"]
[EventDate "2023.12.26"]
[Round "4.35"]
[Result "1/2-1/2"]
[White "Anton Demchenko"]
[Black "Savva Vetokhin"]
[WhiteElo "2565"]
[BlackElo "2358"]
[PlyCount "188"]

1. e4 c5 2. Nc3 d6 3. Bb5+ Bd7 4. a4 g6 5. f4 Bg7 6. Nf3 e6 7. O-O a6 8.
Bxd7+ Qxd7 9. d4 cxd4 10. Nxd4 Nf6 11. Be3 O-O 12. Qe2 Qc7 13. f5 Re8 14.
fxe6 fxe6 15. Rad1 Nbd7 16. Nb3 Ne5 17. Bd4 Nfd7 18. Nd2 Rf8 19. h3 Rac8
20. Rxf8+ Rxf8 21. Nf1 Nb8 22. Nb1 Qc6 23. b3 Nbd7 24. Kh1 Nc5 25. Nbd2 b5
26. axb5 axb5 27. Nh2 Ncd7 28. Ndf3 Rc8 29. Bxe5 Bxe5 30. Nxe5 Nxe5 31. Rd2
Qc5 32. Ng4 Rf8 33. Nf2 b4 34. Kh2 Kg7 35. Qe1 Qc3 36. Nd1 Qc7 37. Kh1 Qc5
38. Nb2 Qc3 39. Nd3 Nxd3 40. cxd3 Qxb3 41. Rd1 Qc3 42. Qe3 Rc8 43. Qb6 Qc5
44. Qb7+ Rc7 45. Qb8 Rf7 46. Rb1 Qd4 47. Qb5 Qc5 48. Qb8 h5 49. Qe8 Qe5 50.
Qb8 Qc5 51. Qe8 b3 52. Qxe6 b2 53. Qa2 Qc1+ 54. Kh2 Rf1 55. Qxb2+ Qxb2 56.
Rxb2 Kf6 57. Kg3 Rd1 58. Rb3 g5 59. Kf3 Rd2 60. g3 Ke6 61. Ke3 Rg2 62. Kf3
Rd2 63. h4 g4+ 64. Kf4 Kf6 65. Rb6 Rf2+ 66. Ke3 Rf3+ 67. Ke2 Ke7 68. Rb5
Rxg3 69. Rxh5 Rh3 70. d4 Rh1 71. Rh7+ Ke6 72. Rh6+ Ke7 73. Ke3 Rf1 74. e5
dxe5 75. dxe5 g3 76. Rg6 Rh1 77. Ke4 Rxh4+ 78. Kd5 Ra4 79. Rg7+ Ke8 80.
Rxg3 Ra5+ 81. Ke6 Ra6+ 82. Kf5 Ke7 83. Rg7+ Ke8 84. Rh7 Rb6 85. Ra7 Rc6 86.
Rg7 Ra6 87. Rg6 Rxg6 88. Kxg6 Ke7 89. Kf5 Kf7 90. e6+ Ke7 91. Ke5 Ke8 92.
Kd6 Kd8 93. e7+ Ke8 94. Ke6 1/2-1/2

[Event "World Rapid 2023"]
[Site "Samarkand UZB"]
[Date "2023.12.26"]
[EventDate "2023.12.26"]
[Round "4.36"]
[Result "1-0"]
[White "B Adhiban"]
[Black "Faustino Oro"]
[WhiteElo "2538"]
[BlackElo "2150"]
[PlyCount "84"]

1. c4 e5 2. g3 Nf6 3. Bg2 Bc5 4. d3 O-O 5. Nf3 d6 6. O-O Re8 7. Nc3 a6 8.
Rb1 Nc6 9. Bg5 h6 10. Bxf6 Qxf6 11. b4 Ba7 12. e3 Qd8 13. a4 Ne7 14. b5
axb5 15. axb5 c6 16. Qb3 Bf5 17. Rfd1 Qd7 18. Ne4 d5 19. cxd5 cxd5 20. b6
Bb8 21. Nc5 Qc8 22. Rbc1 Bd6 23. d4 exd4 24. exd4 Bxc5 25. dxc5 Ra5 26. Qc3
Ra4 27. Bf1 Nc6 28. Rxd5 Be4 29. Rd6 Qg4 30. Bg2 Rea8 31. h3 Qf5 32. Nd4
Nxd4 33. Rxd4 Ra2 34. Qe3 Bxg2 35. Kxg2 Qf6 36. Rf4 Qd8 37. Qf3 Qe7 38. Qe4
Qd7 39. c6 bxc6 40. Rxc6 R2a4 41. Rc7 Qb5 42. b7 1-0

[Event "World Rapid 2023"]
[Site "Samarkand UZB"]
[Date "2023.12.26"]
[EventDate "2023.12.26"]
[Round "4.37"]
[Result "1/2-1/2"]
[White "Shamsiddin Vokhidov"]
[Black "Haowen Xue"]
[WhiteElo "2527"]
[BlackElo "2320"]
[PlyCount "108"]

1. e4 c6 2. d4 d5 3. e5 Bf5 4. h4 h5 5. Bd3 Bxd3 6. Qxd3 Qa5+ 7. c3 e6 8.
a4 Qa6 9. Qd1 Ne7 10. b4 Nf5 11. Nf3 Nd7 12. Na3 Be7 13. Bg5 f6 14. Bf4
fxe5 15. dxe5 Nb6 16. a5 Nc4 17. Qe2 Nxa3 18. Rxa3 d4 19. Bg5 Qxe2+ 20.
Kxe2 dxc3 21. a6 bxa6 22. Rxc3 Bxg5 23. hxg5 O-O 24. Rxc6 Rab8 25. Rxe6
Rxb4 26. Rd1 Rb2+ 27. Rd2 Rb6 28. Rxb6 axb6 29. Rb2 b5 30. Kd3 Ne7 31. Ke4
Rc8 32. e6 Kf8 33. Ne5 Rc1 34. f4 Re1+ 35. Kd3 Rd1+ 36. Ke4 Re1+ 37. Kf3
Nf5 38. g4 Re3+ 39. Kf2 hxg4 40. Nxg4 Rxe6 41. Ne5 Rd6 42. Kf3 Ke7 43. Ke4
Ke6 44. Rc2 Rd4+ 45. Kf3 Rc4 46. Nxc4 Nd4+ 47. Ke4 Nxc2 48. f5+ Ke7 49. Na5
Nb4 50. Kd4 Kf7 51. Ke4 Na2 52. Kd3 b4 53. Kc4 Nc1 54. Kd4 1/2-1/2

[Event "World Rapid 2023"]
[Site "Samarkand UZB"]
[Date "2023.12.26"]
[EventDate "2023.12.26"]
[Round "4.38"]
[Result "0-1"]
[White "Mergen Kakabayev"]
[Black "Vahap Sanal"]
[WhiteElo "2257"]
[BlackElo "2547"]
[PlyCount "100"]

1. e4 d6 2. d4 Nf6 3. Nc3 e5 4. dxe5 dxe5 5. Qxd8+ Kxd8 6. Bc4 Ke8 7. Nge2
c6 8. a4 a5 9. f3 Na6 10. Be3 Bc5 11. Bxc5 Nxc5 12. O-O-O Ke7 13. Rd2 Nfd7
14. Rhd1 Nb6 15. Bb3 Nxb3+ 16. cxb3 Be6 17. Kc2 Nd7 18. Nc1 Nc5 19. h4 Rhc8
20. g3 f6 21. Re1 Ra6 22. Re3 b5 23. axb5 cxb5 24. Kb1 Rac6 25. Nd5+ Bxd5
26. exd5 Ne4 27. fxe4 Rxc1+ 28. Ka2 b4 29. Rde2 h5 30. Re1 g6 31. R3e2 Kd6
32. Re3 f5 33. exf5 Rxe1 34. Rxe1 gxf5 35. Rf1 Rf8 36. Kb1 Kxd5 37. Kc2 Ke4
38. Kd2 Rd8+ 39. Ke2 Rc8 40. Kd2 Rd8+ 41. Ke2 Rd3 42. Rxf5 Rxg3 43. Rxh5
Rxb3 44. Rh8 Rxb2+ 45. Kd1 a4 46. h5 a3 47. Kc1 Rh2 48. Ra8 Rxh5 49. Ra4
Kd3 50. Rxb4 Rh1# 0-1

[Event "World Rapid 2023"]
[Site "Samarkand UZB"]
[Date "2023.12.26"]
[EventDate "2023.12.26"]
[Round "4.39"]
[Result "1/2-1/2"]
[White "Kacper Piorun"]
[Black "Ernur Amangeldy"]
[WhiteElo "2517"]
[BlackElo "1952"]
[PlyCount "116"]

1. e4 c5 2. c3 d5 3. exd5 Nf6 4. Nf3 Nxd5 5. d4 e6 6. g3 Nc6 7. Bg2 cxd4 8.
Nxd4 Bc5 9. Nb3 Be7 10. O-O O-O 11. N1d2 Bd7 12. Re1 Rc8 13. Ne4 b6 14. c4
Nf6 15. Nd6 Bxd6 16. Qxd6 Qe7 17. Bf4 Qxd6 18. Bxd6 Rfd8 19. Rac1 Be8 20.
Red1 e5 21. c5 bxc5 22. Nxc5 Nd4 23. Be7 Ne2+ 24. Kf1 Rxd1+ 25. Rxd1 Nd4
26. Bb7 Bb5+ 27. Kg1 Re8 28. Bxf6 gxf6 29. Kg2 Re7 30. Bd5 Rc7 31. b4 a5
32. a3 axb4 33. axb4 Bc6 34. Bxc6 Rxc6 35. Rb1 Kg7 36. Ne4 f5 37. Nd2 e4
38. Nf1 Kf6 39. Ne3 Ke6 40. Rd1 Nc2 41. Nd5 Rd6 42. Nf4+ Ke5 43. Rb1 Rd2
44. Kg1 Na3 45. Ra1 Nc2 46. Ra5+ Kf6 47. Ra6+ Ke5 48. b5 Nd4 49. b6 Rb2 50.
Ra7 Rxb6 51. Rxf7 h6 52. Rd7 Nf3+ 53. Kg2 Rd6 54. Rh7 Ne1+ 55. Kf1 Nf3 56.
Kg2 Ne1+ 57. Kf1 Nf3 58. Kg2 1/2-1/2